000 00408pab a2200157 454500
008 180718b2007 xxu||||| |||| 00| 0 eng d
100 _aMistry, Percy S.
245 _aInternational financial institutions and their leaders
260 _c2007
300 _ap.2508-513.
362 _a30 Jun
650 _aFinancial institutions
773 _aEconomic and Political Weekly
908 _aN
909 _a75151
999 _c75151
_d75151